000 nam a22 7a 4500
999 _c7300
_d7300
008 170807b xxu||||| |||| 00| 0 eng d
100 _93838
_aGandhi Poonam
245 _aBusiness Studies
260 _aNew Delhi
_bGlobal Publication
_c2017